000 00885nmm a2200253 a 4500
001 ocm000701857
003 TR-IsHL
005 20201028124248.0
008 130902s1998 tu tur
007 cr cn
035 _a701857
_b(N$T)
050 0 4 _aHC493.İ88
_bİ8 1998
090 0 4 _aHC493.İ88
_bİ8 1998
245 1 0 _aİstanbul'un ekonomik ve sosyal göstergeleri
_h[electronic resource]
250 _a1. bs.
260 _aİstanbul :
_bİstanbul Ticaret Odası,
_c1998
300 _a46 p.
650 4 _aEkonomi ve Finans
650 4 _aEconomics and Finance
650 0 _aİstanbul (Türkiye)
_x Ekonomik durum
_x İstatistik
650 0 _aIstanbul (Turkey)
_x Economic conditions
_x Statistics
650 7 _aBUSINESS & ECONOMICS / Economic Conditions
_2bisacsh
856 4 0 _uhttp://search.ebscohost.com/login.aspx?direct=true&scope=site&db=e011xww&AN=701857
999 _c2854
_d2854